| 000 | 00349nam a2200133Ia 4500 | ||
|---|---|---|---|
| 008 | 240624s9999 xx 000 0 und d | ||
| 041 | _aeng | ||
| 082 | _a658.4012 ING | ||
| 100 | _aINGRAM PAUL L | ||
| 245 | _aNEW INSTITUTIONALISM IN STRATEGIC MANAGE | ||
| 260 |
_c2002 _aManagement _bEmerald Group Publishing |
||
| 300 | _a372 : p. | ||
| 365 |
_c _b25 |
||
| 999 |
_c24357 _d24357 |
||